[Event "SS Manhem Chess Week-GM 2018"]
[Site "Gothenburg"]
[Date "2018.08.11"]
[Round "1"]
[White "Christiansen, Johan-Sebastian"]
[Black "Vestby-Ellingsen, Mads"]
[Result "1-0"]
[WhiteElo "2515"]
[BlackElo "2409"]
[Annotator "TA"]
[PlyCount "81"]
[EventDate "2018.08.11"]
[EventCountry "SWE"]
[SourceTitle "playchess.com"]
[Source "ChessBase"]
[SourceQuality "1"]

{[%evp 19,81,17,18,-11,-13,-13,0,0,0,-4,-13,-33,-41,-30,-19,-18,-18,-21,-4,-15,-16,-34,-14,-20,-5,-10,0,-37,-42,-60,-57,-96,-107,-101,-109,-86,-42,-134,-87,-121,-118,-174,-156,-135,-122,-241,-245,-388,-386,-381,-362,-328,-52,-128,-133,-158,0,0,822,817,29987,29988,29988,29989]} 1. e4 e5 2. Nf3 Nc6 3. Bb5 {[%cal Bf1b5,Bb5a4,Ba4b3][%mdl 32]} a6 4. Ba4 Nf6 5. O-O Be7 6. Re1 b5 7. Bb3 d6 8. a4 b4 9. a5 O-O 10. h3 Be6 {LiveBook: 3 Partien. C90: Spanische Partie (Abweichungen von der Hauptvariante)} 11. c3 (11. Bxe6 fxe6 12. d4 exd4 13. Nxd4 Nxd4 14. Qxd4 c5 15. Qd3 d5 16. e5 Ne4 17. Be3 Bg5 18. f3 {0-1 (27) Mihajlov,S (2178)-Urkedal,F (2572) Drammen 2018}) 11... Bxb3 12. Qxb3 Qd7 $146 {Die Stellung ist ausgeglichen.} ({Vorgänger:} 12... Qb8 13. c4 Nd7 14. Qa4 Qb7 15. Qd1 Nc5 16. d3 f5 17. exf5 Rxf5 18. Be3 {0-1 (57) Zampronha,W (2176)-Van Riemsdijk,H (2409) Sao Paulo 2005}) 13. d4 bxc3 14. dxe5 dxe5 15. bxc3 Rfb8 16. Qc2 Bc5 17. Nbd2 Qe6 18. Ng5 Qe7 19. Qa4 Na7 $36 {[%cal Bc6a7,Ba7b5,Bb5d6,Bd6c4][%mdl 2080] Schwarz drückt.} 20. Qc4 Nb5 21. Nf1 h6 22. Nf3 Ba7 23. Bd2 Nd6 24. Qa4 Qe6 25. Ng3 Rb5 26. Qc2 Nc4 27. Nf5 Nxa5 28. Rab1 ({Lieber} 28. Bxh6 $15 gxh6 29. Nxh6+ Kf8 30. Ng5) 28... Rab8 29. Rxb5 axb5 30. g4 (30. Qd3 $17 {ist eine bessere Verteidigung.}) 30... Nd7 31. g5 h5 32. Bc1 (32. Ra1 $17 Bb6 33. Kg2) 32... g6 $19 33. N3h4 (33. Nh6+ {war einen Versuch wert.} Kh7 34. Kg2) 33... gxf5 34. Nxf5 Nc4 35. Qe2 Qb6 $2 (35... Nd6 $19 36. Nh6+ Kf8 37. Qxh5 Bc5) 36. Be3 (36. Rd1 $15 Qe6 37. Qxh5) 36... Nxe3 $17 37. fxe3 {[#]} Re8 $2 (37... Qe6 $1 $17 {Droht stark ...Sc5.} 38. Qxh5 Bc5 39. Nh6+ Kf8) 38. Rf1 $11 Nf8 $2 {[%mdl 8192]} (38... Qg6 $11 39. Qxb5 Qe6) 39. Qxh5 $18 {Droht Matt per Kg2.} Qg6 40. Nh6+ Kg7 41. Rxf7+ {Precision: Weiß = 35%, Schwarz = 40%.} 1-0

[Event "SS Manhem Chess Week-GM 2018"]
[Site "Gothenburg"]
[Date "2018.08.11"]
[Round "1"]
[White "Golubka, Petro"]
[Black "Gritsak, Orest"]
[Result "1-0"]
[WhiteElo "2478"]
[BlackElo "2464"]
[Annotator "TA"]
[PlyCount "77"]
[EventDate "2018.08.11"]
[EventCountry "SWE"]
[SourceTitle "playchess.com"]
[Source "ChessBase"]
[SourceQuality "1"]

{[%evp 18,77,-20,-20,-12,-19,-12,-12,-7,-20,-15,-37,-31,-38,-13,-29,0,0,0,0,0,0,0,-6,-6,-4,0,0,0,0,15,0,29,29,29,29,29,22,15,15,33,32,33,27,39,0,0,0,91,74,152,134,207,199,402,384,482,494,480,469,1006,980]} 1. e4 e6 2. e5 d6 3. exd6 cxd6 4. d4 Nf6 5. Nf3 Be7 6. c4 {C00: French: Unusual White 2nd moves} O-O 7. Nc3 d5 8. Bd3 dxc4 9. Bxc4 a6 10. a4 {LiveBook: 3 Games} b6 $146 ({Predecessor:} 10... Nc6 11. O-O Qd6 12. d5 Na5 13. Ba2 exd5 14. Nxd5 Nxd5 15. Qxd5 Qxd5 16. Bxd5 Rd8 17. Ba2 Be6 18. Bxe6 fxe6 19. Bg5 {0-1 (55) Petz,S (2169)-Matamoros Franco,C (2540) Werther 2010}) 11. O-O Bb7 12. Qe2 Nc6 13. Rd1 Nb4 14. Bb3 Rc8 15. Bd2 Bxf3 16. Qxf3 Qd7 17. Bf4 Rfd8 18. h4 Qc6 19. Qe2 Qb7 20. h5 h6 21. Be5 a5 22. Rac1 Ne8 23. f4 Bd6 24. Nb5 Bxe5 25. fxe5 Rxc1 26. Rxc1 Rc8 27. Rf1 {[%cal Bc1f1,Bf1f3,Bf3g3][%mdl 32]} Qd7 28. Qe4 Rc6 29. Nc3 Nc7 30. Rf3 Ncd5 31. Rg3 f5 32. Qh4 Kf8 (32... Rc8 $11 {remains equal.}) 33. Rf3 $16 Ne7 {[#]} (33... Ke8 $142) 34. Qf2 $1 Ke8 (34... Nbd5 $16 35. g4 f4) 35. g4 $18 Rc8 $2 (35... Qd8 {is a better defense.} 36. Kh2 (36. gxf5 Nxf5 37. Bxe6 Qg5+ 38. Kf1 Qc1+ 39. Kg2 Qg5+ 40. Kh2 Nd3 $18) 36... g6 37. hxg6 Nxg6 38. gxf5 Qh4+ 39. Kg1 exf5) 36. gxf5 Nxf5 {[#]} 37. Bxe6 $1 {[%mdl 512] White is clearly winning.} Qxe6 38. Rxf5 Nd3 (38... Rc7 $142 39. Rf8+ Ke7) 39. Qf3 {Precision: White = 90%, Black = 35%.} 1-0

[Event "SS Manhem Chess Week-GM 2018"]
[Site "Gothenburg"]
[Date "2018.08.11"]
[Round "1"]
[White "Johansson, Linus"]
[Black "Rozentalis, Eduardas"]
[Result "1/2-1/2"]
[WhiteElo "2457"]
[BlackElo "2503"]
[Annotator "TA"]
[PlyCount "46"]
[EventDate "2018.08.11"]
[EventCountry "SWE"]
[SourceTitle "playchess.com"]
[Source "ChessBase"]
[SourceQuality "1"]

{[%evp 26,46,57,57,52,0,18,9,20,0,0,0,0,0,0,0,0,0,0,0,0,0,-6]} 1. d4 Nf6 2. c4 e6 3. Nc3 Bb4 4. Bg5 h6 5. Bh4 c5 6. d5 Bxc3+ 7. bxc3 d6 8. e3 e5 {[%cal Be6e5,Be5e4,Be4f3][%mdl 32]} 9. Qc2 Qe7 10. Nf3 Nbd7 11. Nd2 e4 12. Be2 g5 {E31: Nimzo-Indian: Leningrad Variation: 4...h6 5 Bh4 c5 6 d5 d6} 13. Bg3 Nf8 (13... O-O 14. h4 Re8 15. hxg5 hxg5 16. O-O-O Nf8 17. Rh6 Ng6 18. Rdh1 Bf5 19. Qd1 Kg7 20. Qg1 {1-0 (35) Berkes,F (2648)-Sammalvuo,T (2437) Rasht 2017}) 14. O-O {LiveBook: 7 Games} Bf5 {White is slightly better.} 15. f3 exf3 $146 {The position is equal.} ({Predecessor:} 15... N8d7 16. fxe4 Bg6 17. Qb3 Rb8 18. Qa4 a6 19. e5 dxe5 20. Rf2 {0-1 (44) Kretov,E (2217)-Dzhumagaliev,Y (2303) Belgorod 2008}) 16. Qxf5 fxe2 17. Rf3 N8d7 18. Re1 O-O-O 19. Rxe2 Nh5 20. Qxf7 Qxf7 21. Rxf7 Nxg3 22. hxg3 Ne5 23. Rg7 Rd7 1/2-1/2

[Event "SS Manhem Chess Week-GM 2018"]
[Site "Gothenburg"]
[Date "2018.08.11"]
[Round "1"]
[White "Sammalvuo, Tapani"]
[Black "Lindberg, Bengt"]
[Result "1/2-1/2"]
[WhiteElo "2411"]
[BlackElo "2416"]
[Annotator "TA"]
[PlyCount "134"]
[EventDate "2018.08.11"]
[EventCountry "SWE"]
[SourceTitle "playchess.com"]
[Source "ChessBase"]
[SourceQuality "1"]

{[%evp 18,134,27,36,39,32,41,35,32,0,0,0,33,39,56,11,41,36,24,29,32,33,31,16,50,45,53,23,48,58,75,71,65,75,70,78,92,17,25,25,28,15,12,12,17,0,0,0,0,0,0,0,0,0,0,0,0,0,0,0,0,0,0,0,0,0,0,0,0,0,0,0,6,0,0,0,0,0,0,0,0,0,0,0,0,0,0,0,3,0,9,9,9,12,10,0,0,0,0,0,0,0,0,0,0,0,0,0,0,0,0,0,0,0,0,0,0,0,0]} 1. d4 Nf6 2. c4 e6 3. Nf3 b6 4. g3 Ba6 5. Qc2 Bb4+ 6. Bd2 {E15: Queen's Indian: 4 g3 sidelines, 4 g3 Ba6 and 4 g3 Bb7 early deviations} Be7 7. e4 {[%cal Be2e4,Be4e5][%mdl 32]} d5 8. cxd5 Bxf1 9. Kxf1 exd5 10. e5 {LiveBook: 135 Games} Ne4 11. Nc3 Nxd2+ 12. Nxd2 Qd7 13. Qb3 $146 ({Predecessor:} 13. Rc1 O-O {1-0 (31) Aronian,L (2786)-Leko,P (2752) Moscow 2009}) 13... Nc6 14. Nf3 Rd8 15. Kg2 O-O 16. Rac1 {Black should prevent Qxd5!} Na5 17. Qc2 c5 18. Rcd1 Qb7 19. h4 Nc6 20. a3 (20. Qf5 {looks sharper.} Nxd4 21. Nxd4 cxd4 22. Ne2 Bc5 23. a3) 20... Nxd4 21. Nxd4 cxd4 22. Ne2 Rfe8 23. Rhe1 Bc5 24. b4 Bf8 25. Nxd4 Rc8 26. Qd3 Rc4 27. Nf5 (27. e6 $16 Rec8 28. Qf5) 27... Re4 $1 $11 28. Rxe4 dxe4 29. Qb5 e3+ {The position is equal.} 30. f3 Qb8 31. Rd5 a6 $1 {[%cal Ra6b5]} 32. Qd3 Rxe5 33. Nxe3 Re8 34. Ng4 Qc8 35. Rh5 {[%csl Gh5][%cal Rd3h7] [#]} h6 36. Rd5 Qe6 37. Ne5 b5 38. h5 Be7 39. Ng4 Rc8 40. Re5 Qd6 $1 {[%cal Rd6d3]} 41. Rd5 Qc6 42. Rd7 Qe6 43. Ne3 Bf8 44. Nd5 Qe5 (44... Qxd7 $2 {[#] loses.} 45. Nf6+ $1 {[%mdl 512]} gxf6 46. Qxd7 $18) 45. Nf4 Rc3 46. Qe4 Qxe4 47. fxe4 Rxa3 {[%mdl 4096] Endgame KRB-KRN} 48. Rd8 a5 49. bxa5 Rxa5 50. e5 Ra7 51. Rb8 b4 52. Kf3 b3 53. Nd5 b2 54. Rxb2 Be7 55. Rb8+ Kh7 56. Ne3 Bg5 {Threatens to win with ...Ra3.} 57. Nf5 g6 58. hxg6+ Kxg6 59. g4 Ra3+ 60. Kf2 Ra2+ 61. Kf3 {Rg8+ is the strong threat.} Ra3+ 62. Ke2 Ra5 63. Re8 Bf4 64. Rg8+ Kh7 65. Rg7+ Kh8 66. Rxf7 {Strongly threatening e6.} Rxe5+ 67. Kf3 Bg5 {Precision: White = 70%, Black = 74%.} 1/2-1/2

[Event "SS Manhem Chess Week-GM 2018"]
[Site "Gothenburg"]
[Date "2018.08.11"]
[Round "1"]
[White "Schneider, Stefan"]
[Black "Brynell, Stellan"]
[Result "0-1"]
[WhiteElo "2399"]
[BlackElo "2391"]
[Annotator "TA"]
[PlyCount "78"]
[EventDate "2018.08.11"]
[EventCountry "SWE"]
[SourceTitle "playchess.com"]
[Source "ChessBase"]
[SourceQuality "1"]

{[%evp 21,77,15,1,9,31,32,108,50,63,14,27,0,0,-35,-20,-69,-29,-72,-69,-82,-85,-67,-65,-57,99,-20,69,-139,-100,-92,-153,-174,-163,-92,-106,-167,-153,-143,-140,-268,-281,-338,-121,-129,-130,-227,-224,-175,0,-39,0,-29995,-29996,-29996,-29997,-29998,-29999,-29999]} 1. d4 e6 2. c4 Nf6 3. Nf3 c5 4. d5 d6 5. Nc3 exd5 6. cxd5 g6 7. Bf4 Bg7 8. Qa4+ Bd7 9. Qb3 Qc7 10. h3 {A61: Modern Benoni: Nf3 without early e4} O-O 11. e3 Na6 {LiveBook: 18 Games} 12. Rd1 $146 {The position is equal.} ({Predecessor:} 12. Nd2 b5 13. Bxb5 Rab8 14. a4 Nb4 15. O-O Nd3 16. Qc2 Nxf4 17. exf4 Nh5 18. Bxd7 Qxd7 {0-1 (36) Haug,J (2355)-Chatalbashev,B (2571) Kragero 2018}) 12... Rab8 13. Bb5 Bf5 (13... Nh5 $14) 14. O-O ({White should try} 14. Nd2 $16) 14... Nb4 $14 15. Ne1 Qe7 16. a3 Na6 17. Qa4 Nc7 18. Be2 a6 (18... b5 $5 19. Qxa7 Ra8 $15) 19. Nf3 b5 $36 {[%mdl 2048] Black has some pressure.} 20. Qa5 b4 21. axb4 Rxb4 22. Rd2 Rfb8 $2 {[#]} (22... Ne4 $15 23. Nxe4 Bxe4) 23. g4 ({Only move:} 23. Ne5 $1 $16 {[%mdl 512]}) 23... Bc8 ({Black should play} 23... Nxg4 $11 24. hxg4 Bxg4) 24. Qa2 $2 (24. Ne5 $1 $14 {is the one way to stay ahead.} Bb7 25. Nc6 Bxc6 26. dxc6) 24... h5 25. Ne5 dxe5 26. d6 Qd8 27. dxc7 Qxc7 28. Bg3 (28. Bg5 $17) 28... hxg4 $19 29. hxg4 Bxg4 30. Bc4 (30. Bxg4 $17 Rxg4 31. Qxa6) 30... Bf3 31. Rb1 Qc8 $2 (31... Nh5 $19 32. Nd5 Qd8 33. Nxb4 Qxd2 34. Nxa6 Nxg3 35. Bxf7+ Kh8) 32. Bxf7+ $17 {[#]} Kh7 $1 {( -> ...Qh3)} 33. Be6 (33. Qe6 $17) 33... Qc6 $19 34. Bc4 Ne4 $2 (34... R8b6 $19 {...Qc8 is the strong threat.} 35. Rd8 Qc7) 35. Nxe4 Qxe4 36. Bd3 $2 {[%mdl 8192] [#]} (36. Bd5 $11 Qg4 37. Bxf3 Qxf3 38. Qxa6) 36... Qh4 $3 {[%csl Gf3][%cal Rh4h1][%mdl 512] Black mates.} 37. Bxg6+ (37. Bxh4 Rxh4) 37... Kh6 {[%csl Gf3][%cal Rh4h1]} 38. Bxh4 Rxh4 {[%csl Gf3][%cal Rh4h1]} 39. Qxa6 Rh1# {Precision: White = 24%, Black = 34%.} 0-1

[Event "SS Manhem Chess Week-GM 2018"]
[Site "Gothenburg"]
[Date "2018.08.12"]
[Round "2"]
[White "Rozentalis, Eduardas"]
[Black "Sammalvuo, Tapani"]
[Result "1-0"]
[WhiteElo "2503"]
[BlackElo "2411"]
[Annotator "TA"]
[PlyCount "77"]
[EventDate "2018.08.11"]
[EventCountry "SWE"]
[SourceTitle "playchess.com"]
[Source "ChessBase"]
[SourceQuality "1"]

{[%evp 24,77,-22,-22,-34,-25,0,0,-7,7,51,-14,154,143,247,248,243,214,327,318,313,208,364,260,516,489,649,364,343,150,139,186,157,149,322,327,341,372,385,379,512,461,493,506,512,525,963,1096,1160,1151,1126,895,1652,1425,1347,1358]} 1. e4 c5 2. Nf3 d6 3. Bb5+ Nc6 4. d4 cxd4 5. Qxd4 Bd7 6. Bxc6 Bxc6 7. Nc3 Nf6 8. Bg5 e6 9. O-O-O Be7 10. Rhe1 O-O 11. Kb1 h6 12. Bh4 Qa5 {B53: Sicilian: 2...d6: Lines with Qxd4} (12... b5 13. Bxf6 Bxf6 14. Qxd6 Qb6 15. e5 Rfd8 16. Qb4 a5 17. Qf4 Be7 18. Ne4 Bxe4 19. Qxe4 Bc5 20. Rd3 Rxd3 21. cxd3 {½-½ (60) Zhigalko,S (2641)-Saric,I (2669) Riadh 2017}) 13. Qd2 {LiveBook: 9 Games} Qh5 14. h3 {[%cal Bh2h3,Bh3h4][%mdl 32]} Rfd8 {Black has an edge.} 15. g4 Qc5 16. Nd4 g5 $146 ({Predecessor:} 16... Rab8 17. f4 a5 18. Qf2 Re8 19. f5 exf5 20. gxf5 {1-0 (29) Williams,J (2160)-Hassan,W (1821) IECC email 2013}) 17. Bg3 ({White should try} 17. Nb3 $14 Qb4 18. Bg3) 17... b5 $2 {[#]} (17... d5 $1 $11) 18. f3 $16 Be8 (18... b4 $16 {was worth a try.} 19. Nce2 Nd7) 19. h4 $18 b4 20. Nce2 Nd7 (20... Nh7 $142 21. Rh1 Bf8) 21. hxg5 hxg5 22. Nb3 Qb6 $2 {[#]} (22... Qc7 23. Rh1 (23. Qxb4 Ne5 $14) (23. Bxd6 Qxd6 24. Qxd6 Bxd6 $14) 23... Nf8 24. Qxb4 (24. Qd4 Ng6 $16) 24... a5) 23. Rh1 Ne5 $2 (23... Bf6 24. Ned4 (24. Qxd6 Ne5 $14) 24... Nf8) 24. Ned4 Ng6 25. Rh6 Bf6 26. Rxg6+ (26. Rdh1 $18 {has better winning chances.}) 26... fxg6 $16 27. Nxe6 Rd7 28. Bf2 Qb5 $2 (28... Qb7 $16 {is a better defense.} 29. Bd4 (29. Nxg5 Rc8 $14) 29... Bd8) 29. Bd4 $18 Bxd4 30. Nbxd4 ({Weaker is} 30. Nexd4 Qe5 $16) 30... Qe5 31. Nxg5 Rc8 32. f4 {[%cal Bf3f4,Bf4f5][%mdl 32] White is clearly winning.} Qf6 33. Rh1 Re7 34. f5 Rc4 35. Nde6 Qe5 36. Nf3 Qf6 37. Qd5 Rc8 38. g5 Qf7 39. Qd4 {Precision: White = 71%, Black = 27%.} 1-0

[Event "SS Manhem Chess Week-GM 2018"]
[Site "Gothenburg"]
[Date "2018.08.12"]
[Round "2"]
[White "Gritsak, Orest"]
[Black "Christiansen, Johan-Sebastian"]
[Result "1/2-1/2"]
[WhiteElo "2464"]
[BlackElo "2515"]
[Annotator "TA"]
[PlyCount "28"]
[EventDate "2018.08.11"]
[EventCountry "SWE"]
[SourceTitle "playchess.com"]
[Source "ChessBase"]
[SourceQuality "1"]

{[%evp 10,28,5,-14,0,0,0,0,0,0,8,-8,-1,-4,-4,-10,0,0,27,5,27]} 1. c4 e5 2. e3 Nf6 3. Nc3 Bb4 4. Nge2 O-O 5. a3 Be7 6. Qc2 {LiveBook: 4 Games. A22: English Opening: 1...e5 2 Nc3 Nf6} (6. Nd5 c6 7. Nxe7+ Qxe7 8. d4 d5 9. cxd5 Nxd5 10. dxe5 Qxe5 11. Qd4 Nd7 12. e4 N5f6 13. f3 c5 {½-½ (73) Laznicka,V (2647)-Harikrishna,P (2744) Riadh 2017}) 6... d5 7. cxd5 Nxd5 8. Nxd5 Qxd5 9. Nc3 Qc6 10. b4 (10. d4 {is interesting.} exd4 11. exd4 Bf6 12. Be3 Bg4 13. f3) 10... Qg6 $146 ({Predecessor:} 10... Be6 11. b5 Qd7 12. Qe4 c6 13. Qxe5 a6 {0-1 (64) Delgado,L (2015)-Au Cardero,R (2365) ICCF email 2012}) 11. Qxg6 hxg6 12. Bb2 c6 13. Ne4 Nd7 14. h4 Re8 1/2-1/2

[Event "SS Manhem Chess Week-GM 2018"]
[Site "Gothenburg"]
[Date "2018.08.12"]
[Round "2"]
[White "Lindberg, Bengt"]
[Black "Golubka, Petro"]
[Result "1/2-1/2"]
[WhiteElo "2416"]
[BlackElo "2478"]
[Annotator "TA"]
[PlyCount "46"]
[EventDate "2018.08.11"]
[EventCountry "SWE"]
[SourceTitle "playchess.com"]
[Source "ChessBase"]
[SourceQuality "1"]

{[%evp 25,46,10,16,15,35,35,35,26,33,29,35,36,35,36,62,71,82,43,47,0,86,0,54]} 1. e4 c6 2. d4 d5 3. exd5 cxd5 4. c4 Nf6 5. Nc3 e6 6. Nf3 Bb4 7. cxd5 Nxd5 8. Bd2 Nc6 9. Bd3 Nf6 10. a3 Be7 11. Be3 O-O 12. O-O b6 13. Qc2 Bb7 14. Rad1 {B22: Sicilian: 2 c3} g6 15. Rfe1 (15. Qe2 Qb8 16. h3 Re8 17. Bc4 Bf8 18. Rfe1 Bg7 19. Bg5 a6 20. Ne5 b5 21. Ba2 Qc7 22. Bxf6 Bxf6 {½-½ (41) Corrales Jimenez,F (2599)-Brunello,S (2497) Khanty-Mansiysk 2010}) 15... Rc8 16. Qe2 {White is slightly better.} Re8 17. Bh6 Ng4 $146 ({Predecessor:} 17... Qc7 18. Bb1 Rcd8 19. h3 Bf8 {0-1 (67) Daurelle,H (2193)-Piankov,E (2370) St Quentin 2001}) 18. Bf4 Nf6 19. Bc4 Na5 20. Bb5 {[#] aiming for d5.} Bc6 21. Ba6 Bb7 22. Bb5 {Black must now prevent d5.} Bc6 $1 23. Ba6 Bb7 1/2-1/2

[Event "SS Manhem Chess Week-GM 2018"]
[Site "Gothenburg"]
[Date "2018.08.12"]
[Round "2"]
[White "Schneider, Stefan"]
[Black "Johansson, Linus"]
[Result "1/2-1/2"]
[WhiteElo "2399"]
[BlackElo "2457"]
[Annotator "TA"]
[PlyCount "150"]
[EventDate "2018.08.11"]
[EventCountry "SWE"]
[SourceTitle "playchess.com"]
[Source "ChessBase"]
[SourceQuality "1"]

{[%evp 19,150,8,21,0,0,-14,15,19,35,0,16,0,20,4,31,28,96,-19,-19,-19,0,-56,0,-45,-35,-67,-48,-67,-71,-56,-77,-68,-76,-73,-79,-133,-104,-114,-119,-112,-93,-98,-109,-92,-65,-63,-65,-97,-85,-126,-127,-120,-120,-193,-193,-189,0,0,0,0,0,-27,-27,-27,-31,-35,-20,-51,-31,-121,-127,-119,-121,-160,-153,-227,-225,-216,-214,-214,-214,-287,-281,-281,-270,-285,-200,-190,-151,-176,0,0,0,0,0,0,0,0,0,0,0,0,0,0,0,0,0,0,0,0,0,0,0,0,0,0,0,0,0,0,0,0,0,0,0,0,0,0,0,0,0,0,0]} 1. d4 Nf6 2. Nf3 e6 3. Bf4 b6 4. c4 Bb7 5. e3 Bb4+ 6. Nfd2 O-O 7. a3 Be7 8. Nc3 d5 9. Be2 {E12: Damenindisch (Petrosjan-System und 4. oder 5.Lg5)} c5 (9... dxc4 10. Nxc4 Nd5 11. Nxd5 exd5 12. Ne5 Nd7 13. O-O Nxe5 14. Bxe5 Bd6 15. Bxd6 Qxd6 16. b4 c5 17. bxc5 bxc5 {1-0 (26) Berkes,F (2688)-Nayhebaver,M (2363) Velky Cetin 2018}) 10. dxc5 bxc5 {LiveBook: 3 Partien} 11. Bf3 Nbd7 12. cxd5 exd5 13. O-O Qb6 $146 ({Vorgänger:} 13... Rc8 14. Qb3 Ba6 15. Rfd1 d4 16. exd4 cxd4 {½-½ (32) Hejazipour,M (2298)-Khademalsharieh,S (2439) Teheran 2016}) 14. Qc2 Rac8 15. Rfe1 Qe6 16. e4 d4 {[#]} 17. Nd5 $1 {[%mdl 512]} Nb6 (17... Bd8 $1 $11) (17... Bxd5 18. exd5) 18. Nc4 (18. Nxe7+ $16 Qxe7 19. Bd6 Qxd6 20. e5) 18... Nxc4 $11 19. Qxc4 Bd8 20. Nxf6+ (20. Rab1 $11) 20... Qxf6 (20... Bxf6 $15 21. Rac1 Be7) 21. Bg3 (21. e5 $5 {[%cal Re5f6]} Qa6 22. Qxa6 Bxa6 23. Bg4 $11) 21... Ba5 22. Red1 Qb6 23. Rab1 Ba6 $36 {[%mdl 2048] Schwarz hat starke Initiative.} 24. Qd5 Rfd8 25. Qg5 Bc4 26. Bg4 h6 27. Qe5 (27. Qh5 $142 Bb3 28. Bxc8 Bxd1 29. Qxd1 Rxc8 30. b3) 27... Re8 28. Qf4 Rcd8 29. b4 cxb4 30. axb4 Bxb4 31. Qc7 Qxc7 32. Bxc7 a5 33. Bxd8 Rxd8 34. Rbc1 Bb5 {[%mdl 1024] Schwarz hat starke Kompensation.} 35. Rc7 d3 {[%cal Bd4d3,Bd3d2][%mdl 32]} 36. h4 (36. Rb1 $17) 36... d2 $19 37. Ra1 Ba4 $2 (37... Re8 $19 {Und ...g6 würde nun gewinnen.} 38. f4 g5) 38. Bd1 $11 Bxd1 39. Rxd1 {[%mdl 4096] Endspiel KTT-KTL} Re8 40. f3 f5 41. Rc4 fxe4 42. fxe4 Rf8 43. h5 Rf4 44. g3 ({Besser ist} 44. Kh2 $1 $15) 44... Rf3 $17 45. Kg2 Re3 46. Rd4 Kf7 47. R1xd2 (47. g4 $17 {ist eine bessere Verteidigung.}) 47... Bxd2 $19 48. Rxd2 Rxe4 $17 {KT-KT} 49. Rd5 {[#]} Ra4 $1 50. Kh3 Ra1 51. Kg4 Ke6 52. Rb5 Ra4+ 53. Kh3 Kf6 54. Rb6+ {[#]} Kg5 $2 (54... Kf7 $1 $19 55. Ra6 Ke7) 55. Rg6+ {Die Stellung ist ausgeglichen.} Kxh5 56. Rxg7 Ra3 57. Rg8 a4 58. Rg7 Rd3 59. Rg4 a3 {Droht stark ...Td1.} 60. Ra4 Kg5 61. Ra5+ Kf6 62. Kh4 Ke6 {Weiss muss nun ...Kd7 beachten.} 63. g4 Kd6 64. Ra6+ Kc5 65. Rxh6 Rd6 66. Rh8 Ra6 67. Rc8+ Kd6 68. Rc1 a2 69. Ra1 Ke6 70. Kh5 Kf7 ({Jedoch nicht} 70... Ra5+ 71. Kg6 $17) 71. g5 $1 Ra4 {zielt auf ...Kg7 ab.} 72. Rf1+ Kg8 73. Ra1 Kg7 {Und weiter mit ...Kf7 wäre nett.} 74. g6 Ra6 (74... Ra7 $5) 75. Kg5 Rxg6+ {Precision: Weiß = 54%, Schwarz = 57%.} 1/2-1/2

[Event "SS Manhem Chess Week-GM 2018"]
[Site "Gothenburg"]
[Date "2018.08.12"]
[Round "2"]
[White "Brynell, Stellan"]
[Black "Vestby-Ellingsen, Mads"]
[Result "1-0"]
[WhiteElo "2391"]
[BlackElo "2409"]
[Annotator "TA"]
[PlyCount "79"]
[EventDate "2018.08.11"]
[EventCountry "SWE"]
[SourceTitle "playchess.com"]
[Source "ChessBase"]
[SourceQuality "1"]

{[%evp 20,79,13,18,44,26,45,10,13,22,25,17,25,16,26,22,27,14,26,12,16,20,32,0,0,-49,-51,-171,-180,-428,-443,-435,-251,-250,76,77,126,53,58,50,177,178,160,165,417,420,1143,1136,1277,1256,6056,5818,1951,1904,1844,1842,1290,1302,1373,1083,5010,461]} 1. Nf3 c5 2. b3 d5 3. e3 Nf6 4. Bb2 e6 5. c4 Nc6 6. cxd5 exd5 7. Be2 Bd6 8. O-O O-O {A13: English Opening: 1...e6} 9. d4 a6 10. Nbd2 cxd4 11. Nxd4 {LiveBook: 10 Games} Bc7 (11... Qe7) 12. Rc1 Bd7 13. N2f3 Re8 14. Nxc6 bxc6 15. Nd4 $146 ({Predecessor:} 15. Qd4) 15... Qe7 $1 16. Qc2 Qd6 {[%csl Gc7][%cal Rd6h2]} 17. g3 {[%cal Rd4c6]} Bb6 18. Bf3 ({But not} 18. Nxc6 $2 Rec8 $19) 18... Rac8 19. Qd3 a5 20. Rc2 Ne4 21. Bg2 h5 22. Qa6 c5 {[%cal Bc6c5,Bc5c4][%mdl 32]} 23. Nf3 {[#]} (23. Ne2 $15) 23... c4 $1 $19 {[%mdl 512] ...Ra8 is the strong threat.} 24. Bd4 $2 (24. Rd1) (24. bxc4 Nc5) 24... Nc5 25. Bxc5 Qxc5 (25... Rxc5 $142 26. bxc4 Rb8) 26. Nd4 Rb8 $2 (26... Rc7 $1 $19 {[%cal Rc7a7]} 27. Bxd5 Qxd5 28. Qxb6 Bh3 $1 {[%mdl 512]}) 27. bxc4 $16 Qb4 {[#]} 28. Bxd5 (28. c5 $1 $16 Bxc5 29. Nc6 Bxc6 30. Qxc6) 28... Bxd4 $1 $14 29. exd4 {And now Qg6 would win.} Re1 {[#]} (29... Bh3 $1 $14 30. Bg2 Bf5) 30. Rc1 $1 $18 Rxc1 31. Rxc1 $40 {[%mdl 128] Threatens to win with Qa7. White has strong attack.} Bh3 $2 (31... Qd2 32. Rf1 Rf8) 32. Qg6 $1 {[%cal Rg6f7]} Rb7 (32... Rf8 $142 33. Qxh5 Be6 34. Bxe6 Qb2) 33. Qxh5 {White is clearly winning.} Qb2 34. Rd1 Bc8 35. Re1 {[%cal Re1e8]} Be6 36. Bxb7 Qxb7 37. d5 Qb4 38. Qe5 Bh3 39. d6 Qxc4 40. Qe8+ {Precision: White = 40%, Black = 43%.} 1-0

[Event "SS Manhem Chess Week-GM 2018"]
[Site "Gothenburg"]
[Date "2018.08.12"]
[Round "3"]
[White "Christiansen, Johan-Sebastian"]
[Black "Lindberg, Bengt"]
[Result "1/2-1/2"]
[WhiteElo "2515"]
[BlackElo "2416"]
[Annotator "TA"]
[PlyCount "45"]
[EventDate "2018.08.11"]
[EventCountry "SWE"]
[SourceTitle "playchess.com"]
[Source "ChessBase"]
[SourceQuality "1"]

{[%evp 18,45,31,30,40,31,50,27,37,46,35,0,0,-12,0,0,0,-27,-28,-56,-55,-53,-66,-64,-29,-51,-45,-70,-71,-76]} 1. Nf3 Nf6 2. c4 e6 3. g3 d5 4. Bg2 Be7 5. d4 O-O 6. Qc2 c5 7. dxc5 Qa5+ 8. Nc3 Qxc5 {E06: Katalanisch} 9. cxd5 Nxd5 10. Bd2 {LiveBook: 3 Partien} Nxc3 $146 {Weiß hat minimalen Vorteil.} ({Vorgänger:} 10... Bf6 11. Rc1 Nxc3 12. Bxc3 Bxc3+ 13. Qxc3 Qxc3+ 14. Rxc3 Nc6 15. Nd2 Bd7 16. Ne4 Rfd8 17. Nc5 Rab8 18. Nxd7 Rxd7 19. Bxc6 bxc6 20. Rc2 a5 21. f3 Rdb7 22. b3 a4 23. Kf2 {½-½ (23) Belov,V (2587)-Jakovenko,D (2710) Khanty-Mansiysk 2007}) 11. Bxc3 Nc6 12. Rc1 e5 13. O-O Be6 14. b3 f6 15. e3 Rac8 16. Qb1 Qb5 17. Bb2 Nb4 18. Nh4 {[#] Droht stark Le4.} Qd3 $1 19. Be4 Qxb1 20. Bxb1 g6 21. Nf3 a5 22. Rfd1 b5 23. Ne1 {Precision: Weiß = 40%, Schwarz = 52%.} 1/2-1/2